Mentes criminales : el crimen en la cultura popular contemporánea /
Uloženo v:
| Hlavní autor: | |
|---|---|
| Médium: | Elektronický zdroj E-kniha |
| Jazyk: | španělština |
| Vydáno: |
Madrid :
Nowtilus,
[2012]
|
| Edice: | Nowtilus frontera. Biblioteca del crimen.
|
| Témata: | |
| On-line přístup: | Digitalia Hispánica |
| Tagy: |
Přidat tag
Žádné tagy, Buďte první, kdo vytvoří štítek k tomuto záznamu!
|
MARC
| LEADER | 00000nam a2200000Ii 4500 | ||
|---|---|---|---|
| 001 | DIGNOWT0104 | ||
| 003 | NyNyDIG | ||
| 006 | m o d | ||
| 007 | cr ||||||||||| | ||
| 008 | 220520s2012 sp a ob 000 0 spa d | ||
| 035 | |a (OCoLC)803986874 | ||
| 040 | |a DGITA |b eng |e rda |e pn |c DGITA | ||
| 020 | |a 9788499672311 |q eBook |q ePub | ||
| 020 | |z 9788499672304 | ||
| 050 | 1 | 4 | |a H90.V5 ebook |
| 082 | 0 | 4 | |a 303.6 |
| 100 | 1 | |a Pérez Fernández, Francisco, |e author. | |
| 245 | 1 | 0 | |a Mentes criminales : |b el crimen en la cultura popular contemporánea / |c Francisco Pérez Fernández. |
| 264 | 1 | |a Madrid : |b Nowtilus, |c [2012] | |
| 300 | |a 1 online resource : |b illustrations. | ||
| 336 | |a text |b txt |2 rdacontent | ||
| 336 | |a still image |2 rdacontent | ||
| 337 | |a computer |b c |2 rdamedia | ||
| 338 | |a online resource |b cr |2 rdacarrier | ||
| 347 | |a text file |2 rdaft | ||
| 347 | |b EPUB | ||
| 490 | 1 | |a Colección: Biblioteca del crimen | |
| 500 | |a "El crimen está en todos los ámbitos de la cultura: los videojuegos, el rock, la literatura y el cine y se ha convertido en un modelo estético. ¿Hasta dónde podemos llegar?." | ||
| 504 | |a Includes bibliographical references. | ||
| 588 | 0 | |a Online resource; title from ePub title page (Digitalia, viewed May 20, 2022) | |
| 650 | 0 | |a Violence in popular culture. | |
| 655 | 0 | |a Electronic books. | |
| 776 | 0 | 8 | |i Print version: |a Pérez Fernández, Francisco. |t Mentes criminales. |b Primera edición. |d Madrid : Nowtilus, [2012] |z 9788499672304 |
| 791 | 2 | |a Digitalia (Firm), |e distributor. | |
| 793 | 0 | |g Digitalia eBook Collection: |a Ediciones Nowtilus | |
| 830 | 0 | |a Nowtilus frontera. Biblioteca del crimen. | |
| 856 | 4 | 0 | |3 Digitalia Hispánica |u https://digitalia.unach.elogim.com/a/84558/ |
| 910 | |a Premium collection: 2022 | ||